01601nam a2200289 a 450000100100000000500170001000800410002702000180006804000250008608200160011110000400012724500910016726000430025830000270030149000720032850001220040050000800052250001280060259000260073071000610075670000530081783000790087095201150094995201150106495201150117999900170129400004672020201002053054.0180320s2014 dr a r 000 0 spa d a9789945896336 aDO-SdBNPbspacBNPHU axxxxbG643m1 aGonzález, Nurys del Carmen92975910aMódulo 2. Taller 5. Algoritmo de la multiplicación /cNurys del Carmen González. aSanto Domingo :bMINERD ;bOEI,c2014. a28 p. :bil. ;c28 cm.1 aDesarrollo profesional docente, enseñanza de la lengua española aPolítica de apoyo a los aprendizajes de los primeros grados de nivel básico en lectura, escritura y matemática. aRegional educativa 05 San Pedro de Macorís, 12 Higüey, y 17 Monte Plata aA la cabeza del título: Desarrollo Profesional Docente. Capacitación de Docentes para la Enseñanza de la Matemática aInventariado, 2018/BT1 aRepública DominicanabMinisterio de Educación94310012aOrganización de Estados Iberoamericanos974658 0aDesarrollo profesional docente, enseñanza de la lengua española974659 00107-18PDaGRbGRcOId2018-03-20iLF1l0oxxxx G643mp46720-30r2020-06-25w2020-06-25yLFPDZNo se presta 00107-18PDaPDbPDcOId2018-03-20iLF1l0oxxxx G643mp46720-10r2020-06-25w2020-06-25yLFPDZNo se presta 00107-18PDaPDbPDcOId2018-03-20iLF1l0oxxxx G643mp46720-20r2020-06-25w2020-06-25yLFPDZNo se presta c46209d46209